| 000 | 00437nam a2200193Ia 4500 | ||
|---|---|---|---|
| 005 | 20250425160842.0 | ||
| 008 | 250425s9999 xx 000 0 und d | ||
| 041 | _aspa | ||
| 082 | _a550 | ||
| 100 | _aS, A A | ||
| 245 | 0 | _aBOLETIN GEOLOGICO | |
| 250 | _a1A ED. | ||
| 260 | _aBOGOTA | ||
| 260 |
_aColombia _bS.E. _c1970 |
||
| 300 | _a140 | ||
| 710 | _aCOLOMBIA. MINISTERIO DE MINAS Y PETROLEOS | ||
| 942 | _c01 | ||
| 010 | _a6848 | ||
| 999 |
_c197506 _d197506 |
||